Investigation of antibiotic resistance genes(ARGs) in bacteria isolated from environmental samples (Record no. 533003)

000 -LEADER
fixed length control field 00757nam a22002057a 4500
003 - CONTROL NUMBER IDENTIFIER
control field NUST
005 - DATE AND TIME OF LATEST TRANSACTION
control field 20191210110534.0
008 - FIXED-LENGTH DATA ELEMENTS--GENERAL INFORMATION
fixed length control field 191210b ||||| |||| 00| 0 eng d
038 ## - RECORD CONTENT LICENSOR
Staff Name IESE
082 ## - DEWEY DECIMAL CLASSIFICATION NUMBER
Classification number 363.7
Author Mark SAI
100 ## - MAIN ENTRY--PERSONAL NAME
Personal name Saima
9 (RLIN) 26655
245 ## - TITLE STATEMENT
Title Investigation of antibiotic resistance genes(ARGs) in bacteria isolated from environmental samples
Statement of responsibility, etc. Saima
260 ## - PUBLICATION, DISTRIBUTION, ETC.
Place of publication, distribution, etc. Islamabad
Name of publisher, distributor, etc. IESE (SCEE) NUST
Date of publication, distribution, etc. 2019
300 ## - PHYSICAL DESCRIPTION
Extent 76p.
Other physical details H.B
440 ## - SERIES STATEMENT/ADDED ENTRY--TITLE
Title MS Environmental Science
9 (RLIN) 1724
500 ## - GENERAL NOTE
General note Thesis MS ES
650 ## - SUBJECT ADDED ENTRY--TOPICAL TERM
Topical term or geographic name entry element Environmental Science
9 (RLIN) 1725
700 ## - ADDED ENTRY--PERSONAL NAME
Relator code Dr. Muhammad Arshad (Supervisor)
942 ## - ADDED ENTRY ELEMENTS (KOHA)
Source of classification or shelving scheme
Koha item type Thesis
Call number prefix IESE
Holdings
Withdrawn status Lost status Source of classification or shelving scheme Damaged status Not for loan Permanent Location Current Location Shelving location Date acquired Total Checkouts Full call number Barcode Date last seen Price effective from Koha item type
        Not For Loan Institute of Environmental Science and Engineering (IESE) Institute of Environmental Science and Engineering (IESE) Thesis 12/10/2019   363.7 SAI IESE-T-687 12/10/2019 12/10/2019 Thesis
        Not For Loan Institute of Environmental Science and Engineering (IESE) Institute of Environmental Science and Engineering (IESE) Thesis 09/29/2020   363.7 SAI IESE-T-742 09/29/2020 09/29/2020 Thesis
        Not For Loan Institute of Environmental Science and Engineering (IESE) Institute of Environmental Science and Engineering (IESE) Thesis 09/29/2020   363.7 SAI IESE-T-743 09/29/2020 09/29/2020 Thesis
© 2023 Central Library, National University of Sciences and Technology. All Rights Reserved.